00596nam a22001937a 45000050016000000080041000160100015000570200022000720350013000940370013001070400017001200820011001371000016001482450092001642600059002562700061003153000023003767000003003992011081801291.0110818t xxu||||| |||| 00| 0 eng d aENG-103415 a817208305xc21.00 aEN-86948 bDBAD/PUB aDPLbEnglish a230.35 aKasturi, N. aPrasanthi pathways to peace :bas learnt at the Lotus feet of Bhagawan /cby N. Kasturi aPrasanthi Nilayam bSri Sathya Sai Sadhana Trustc2002 aSri Sathya Sai Sadhana TrustbPrasanthi Nilayam e515134 a148p. c22cm (pbk)